| 000 | 00504nam a2200157 a 4500 | ||
|---|---|---|---|
| 008 | 120416s1970 ||||||||||||||||| || u | ||
| 020 | _a0582425433 | ||
| 050 | _aQC 28 Hug | ||
| 100 | _aHughes, Edward | ||
| 245 | 1 | 0 | _aEngineering science in SI units |
| 260 |
_aLondon: _bLongman _c1970 |
||
| 300 | _aix, 339p. : ill | ||
| 350 | _a0.00 | ||
| 650 | 0 | _aPHYSICS | |
| 995 |
_D0.00 _FCBU-MAIN LIBRARY (Kitwe) _H1 _I2.20 _UDAMAGED _ZMain Library Open Access Collection |
||
| 999 |
_c41995 _d41995 |
||